000
00340nam a2200157Ia 4500
003
Ost
005
20260225132551.0
008
260225s9999||||xx |||||||||||||| ||und||
040
_c
fsic
041
_a
fre
082
_a
920
100
_a
P.E. sales coms
_e
Auteur
245
0
_a
Jean vicor /
245
0
_c
P.E. sales coms
942
_c
كتاب
999
_c
34133
_d
34133